Weaving through words : using the arts to teach reading comprehension strategies
Αποθηκεύτηκε σε:
| Κύριος συγγραφέας: | |
|---|---|
| Άλλοι συγγραφείς: | |
| Μορφή: | Βιβλίο |
| Γλώσσα: | English |
| Δημοσίευση: |
Newark :
International Reading Association,
2003
|
| Θέματα: | |
| Ετικέτες: |
Προσθήκη ετικέτας
Δεν υπάρχουν, Καταχωρήστε ετικέτα πρώτοι!
|
MARC
| LEADER | 00000nam a2200000 i 4500 | ||
|---|---|---|---|
| 001 | 1/40781 | ||
| 008 | 030915s2003 eng d | ||
| 020 | |a 0-87207-456-0 | ||
| 035 | |l 10070871 | ||
| 040 | |a GR-MY-UA |b gre |e aacr | ||
| 041 | 0 | |a eng | |
| 082 | 0 | |a 372.47 | |
| 100 | 1 | |a Mantione, Roberta D. | |
| 245 | 1 | 0 | |a Weaving through words : |b using the arts to teach reading comprehension strategies / |c Roberta D. Mantione, Sabine Smead |
| 260 | |a Newark : |b International Reading Association, |c 2003 | ||
| 300 | |a 202 p. | ||
| 504 | |a Includes bibliographical references and index | ||
| 650 | 0 | 0 | |a Reading comprehension |x Study and teaching (Elementary) |
| 650 | 0 | 0 | |a Arts |x Study and teaching (Elementary) |
| 650 | 0 | 0 | |a Interdisciplinary approach in education. |
| 700 | 1 | |a Smead, Sabine. | |
| 852 | |a INST |b RHODES |e 20030915 |h 372.47 MAN |p 005400020106 |q 005400020106 |t BK |y 0 | ||
| 901 | |a BIBL4-2003-3 | ||
| 909 | |a Ρ |b 105979 | ||
| 922 | |a 4ΕΛΗ |b 200308 |c ΕΠΕΑΕΚ2/ΤΕΠΑΕΣ |d ΜΙΧΑΛΟΠΟΥΛΟΣ | ||
| 950 | |a 096-2003-06-24 | ||
| 970 | |z 2003/09/15 | ||